00576nam a2200205Ia 4500008004100000020001800041050001600059100001800075245002300093245002200116245002100138260001500159260001600174260000900190300001600199300002000215300001000235999001900245952010600264170918s9999 xx 000 0 und d a9781407120621 bH313jo 2010 aHarris, M. G. 4aThe Joshua files : bzero management / cby M. G. Marris. aNew York : bScholastic, c2010 a356 pages : billustrations ; c19cm. c344272d344272 001040aSSISMbSSISMd2017-09-18l0oFIC H313jo 2010pSSISM3344r2017-09-18 00:00:00w2017-09-18yBK